Manual on Practical Marketing in Tanzania (Record no. 6359)

MARC details
005 - DATE AND TIME OF LATEST TRANSACTION
control field 20250629131811.0
082 ## - DEWEY DECIMAL CLASSIFICATION NUMBER
Classification number 658.8 MBU
100 ## - MAIN ENTRY--PERSONAL NAME
Author name MBURA. O.K
245 ## - TITLE STATEMENT
Title Manual on Practical Marketing in Tanzania
260 ## - PUBLICATION, DISTRIBUTION, ETC.
Place of publication, distribution, etc. Dar es Salaam
Date of publication, distribution, etc. 2005
300 ## - PHYSICAL DESCRIPTION
Extent 95p.;ill.; figure
Dimensions 26cm
942 ## - ADDED ENTRY ELEMENTS (KOHA)
Source of classification or shelving scheme Dewey Decimal Classification
Koha item type Books
Holdings
Date last seen Total checkouts Full call number Barcode Cost, replacement price Price effective from Koha item type Lost status Source of classification or shelving scheme Damaged status Not for loan Withdrawn status Home library Current library Shelving location Date acquired Cost, normal purchase price
06/29/2025   658 MBU DOM0004432 15000.00 06/29/2025 Books   Dewey Decimal Classification       CBE Dodoma CBE Dodoma General Collection 06/03/2009 5000.00